000 00565nam a2200229Ia 4500
003 OSt
005 20220924151141.0
006 a|||||r|||| 00| 0
007 ta
008 220923b |||||||| |||| 00| 0 ara d
024 _a336343
037 _cTextual
040 _aARTS
_cARTS
_bara
041 _2ara
_aara
082 _aO28,1:gN3, M2
100 _aFarj Sayed Au.
_9223671
245 0 _aAmraiyl shorai
260 _c1982
650 _aARABIC POETRY
942 _hO28,1:gN3, M2
_cTEXL
_2CC
999 _c465672
_d465672